00541nam a22001697a 450000500170000001000130001702000260003003500120005603700130006808200110008110000260009224500650011824600500018326000530023327000590028630000260034520230822121116.0 aUR-12150 a9789395400664c600.00 aU-10705 bDBAD/PUB a954.53 aحفظ الرحمان aتز کرہ صو فیا ء بہار /cحفظ الرحمان aTazkirah-E-Sufiya-E-Bihar /bby Hifzur Rahman aNew DelhibEducational Publishing Housec2023 ء aH.o. D1/16, Ansari Road, Darya GanjbNew Delhie110002 a442 صc23cm(Hb)